<?xml version="1.0" encoding="UTF-8"?>
<collection xmlns:xsi="http://www.w3.org/2001/XMLSchema-instance" xsi:schemaLocation="http://www.loc.gov/MARC21/slim http://www.loc.gov/standards/marcxml/schema/MARC21slim.xsd" xmlns="http://www.loc.gov/MARC21/slim">
 <record>
  <leader>00000nam a2200000 i 4500</leader>
  <controlfield tag="001">UP-1685594773857735628</controlfield>
  <controlfield tag="003">Buklod</controlfield>
  <controlfield tag="005">20230608084703.0</controlfield>
  <controlfield tag="006">a     r    |||| u|</controlfield>
  <controlfield tag="007">ta</controlfield>
  <controlfield tag="008">230608s2023    ilu     r   b|001 0|eng d</controlfield>
  <datafield tag="010" ind1=" " ind2=" ">
   <subfield code="a">2021037963</subfield>
  </datafield>
  <datafield tag="020" ind1=" " ind2=" ">
   <subfield code="a">9781492591221</subfield>
   <subfield code="a">(paperback)</subfield>
  </datafield>
  <datafield tag="035" ind1=" " ind2=" ">
   <subfield code="a">22165896</subfield>
  </datafield>
  <datafield tag="040" ind1="0" ind2=" ">
   <subfield code="a">DLC</subfield>
   <subfield code="b">eng</subfield>
   <subfield code="e">rda</subfield>
   <subfield code="c">CASM</subfield>
   <subfield code="d">UPMNL</subfield>
  </datafield>
  <datafield tag="041" ind1="0" ind2=" ">
   <subfield code="a">eng</subfield>
  </datafield>
  <datafield tag="050" ind1="0" ind2="0">
   <subfield code="a">LB1047</subfield>
   <subfield code="b">.O985 2023</subfield>
  </datafield>
  <datafield tag="245" ind1="0" ind2="0">
   <subfield code="a">Outdoor education</subfield>
   <subfield code="b">methods and strategies</subfield>
   <subfield code="c">Ken Gilbertson, Alan Ewert, Pirkko Siklander, Timothy Bates.</subfield>
  </datafield>
  <datafield tag="250" ind1=" " ind2=" ">
   <subfield code="a">Second edition.</subfield>
  </datafield>
  <datafield tag="264" ind1=" " ind2="1">
   <subfield code="a">Champaign, IL</subfield>
   <subfield code="b">Human Kinetics</subfield>
   <subfield code="c">2023.</subfield>
  </datafield>
  <datafield tag="300" ind1=" " ind2=" ">
   <subfield code="a">xvi, 263 pages</subfield>
   <subfield code="b">illustrations</subfield>
   <subfield code="c">29 cm</subfield>
  </datafield>
  <datafield tag="336" ind1=" " ind2=" ">
   <subfield code="a">text</subfield>
   <subfield code="b">txt</subfield>
   <subfield code="2">rdacontent</subfield>
  </datafield>
  <datafield tag="337" ind1=" " ind2=" ">
   <subfield code="a">unmediated</subfield>
   <subfield code="2">rdamedia</subfield>
  </datafield>
  <datafield tag="338" ind1=" " ind2=" ">
   <subfield code="a">volume</subfield>
   <subfield code="b">nc</subfield>
   <subfield code="2">rdacarrier</subfield>
  </datafield>
  <datafield tag="504" ind1=" " ind2=" ">
   <subfield code="a">Includes bibliographical references and index.</subfield>
  </datafield>
  <datafield tag="505" ind1="0" ind2="0">
   <subfield code="a">Foreword -- Preface -- Acknowledgments -- Part I: Foundations of outdoor education -- Chapter 1: defining outdoor education -- Why the outdoors? -- Model of outdoor education -- Environmental education interpretation -- Adventure education -- Experiential education -- Education structure -- Development of outdoor education -- Rationale for teaching outdoors -- Summary -- Chapter 2: describing the outdoor educator -- Professionalism -- Professional responsibilities -- Summary -- Chapter 3: learning theories in outdoor education -- Theories in outdoor education -- Experiential education -- Constructivism -- Scaffolding -- Brain based learning -- Developmental stages of environmental learning -- Environmental Learning -- Learning theory guiding outdoor education -- Playful learning theory -- Summary -- Part II: preparation for teaching outdoors -- Chapter 4: understanding participants -- Audience assessment -- Stereotyping -- Gender -- Age and cognitive development -- Medical conditions -- Experience -- Group familiarity -- Abilities -- Culture and ethnicity -- Strategies for teaching diverse audiences -- Summary -- Chapter 5: creating the learning environment -- Foundations of the learning environment -- Components of successful learning environments -- Summary -- Chapter 6: outdoor education settings -- Site selection -- Learning barriers -- Equipment logistics -- Record keeping -- Special settings: lessons in the night -- Summary -- Chapter 7: designing lessons -- Advantages of lesson plans -- Format -- Structure -- Assessment -- Summary -- Part III: methods and delivery of outdoor education -- Chapter 8: physical methods -- Physical skills development -- Physical manipulation -- Activities, games, and competitions -- Theatrics -- Initiatives and ropes courses -- Summary -- Chapter 9: cognitive methods -- Lecture and discussion -- Inquiry -- Videography -- Service learning -- Supporting materials -- Peer teaching -- Summary -- Chapter 10: affective methods -- Guided discovery -- Visual imagery -- Storytelling -- Scenarios and case studies -- Summary -- Chapter 11: sample lessons -- Night hike -- Navigation -- Maple sugar bush -- Weather -- Fishing ethics -- Basic techniques for sea kayaking -- Personal growth -- Lighting a camp stove -- Nature awareness -- Summary -- Chapter 12: your future in outdoor education -- Issues and trends impacting outdoor education -- Working with mainstream education -- Standards and high-stakes testing -- Professional certification -- Education or advocacy? Emotional needs of participants -- Strategic planning for professional growth -- Summary  -- Appendix A -- Professional organizations in the United States -- Appendix B -- Sample forms.</subfield>
  </datafield>
  <datafield tag="520" ind1="0" ind2=" ">
   <subfield code="a">&quot;This book helps educators who use the outdoors as a learning setting. It presents teaching methods for people who teach in schools, nature centers, adventure centers, camps, environmental learning centers, government agencies, and universities. These methods apply to many subject areas such as physical education, science education, environmental studies, and recreation&quot;--</subfield>
   <subfield code="c">Provided by publisher.</subfield>
  </datafield>
  <datafield tag="650" ind1="0" ind2="0">
   <subfield code="a">Outdoor education.</subfield>
  </datafield>
  <datafield tag="700" ind1="1" ind2=" ">
   <subfield code="a">Bates, Timothy</subfield>
   <subfield code="d">1965-</subfield>
   <subfield code="e">author.</subfield>
  </datafield>
  <datafield tag="700" ind1="1" ind2=" ">
   <subfield code="a">Ewert, Alan W.</subfield>
   <subfield code="d">1949-</subfield>
   <subfield code="e">author.</subfield>
  </datafield>
  <datafield tag="700" ind1="1" ind2=" ">
   <subfield code="a">Gilbertson, Ken</subfield>
   <subfield code="d">1954-</subfield>
   <subfield code="e">author.</subfield>
  </datafield>
  <datafield tag="700" ind1="1" ind2=" ">
   <subfield code="a">Siklander, Pirkko</subfield>
   <subfield code="d">1959-</subfield>
   <subfield code="e">author.</subfield>
  </datafield>
  <datafield tag="905" ind1=" " ind2=" ">
   <subfield code="a">FO</subfield>
  </datafield>
  <datafield tag="852" ind1="0" ind2=" ">
   <subfield code="a">UPMNL</subfield>
   <subfield code="b">CASM</subfield>
   <subfield code="h">LB 1047</subfield>
   <subfield code="i">O985 2023</subfield>
  </datafield>
  <datafield tag="942" ind1=" " ind2=" ">
   <subfield code="a">Book</subfield>
  </datafield>
 </record>
</collection>
